|
|
|
|
| LEADER |
00000nab a2200000 a 4500 |
| 001 |
vtls000694156 |
| 003 |
SK-MaSNL |
| 005 |
20260302180456.0 |
| 008 |
140302c1999 xo 0 slo |
| 015 |
|
|
|a SNBRB1999/05-13533
|
| 035 |
|
|
|a CLN000046323
|
| 040 |
|
|
|a SNKBUCL
|b slo
|c SNKBUCL
|e AACR2
|
| 041 |
0 |
|
|a slo
|
| 044 |
|
|
|a xo
|c SK
|
| 080 |
|
|
|a 373.6:687(437.6)
|2 1997
|
| 100 |
1 |
|
|a Sokolová, Viera
|4 aut
|9 453717
|
| 245 |
1 |
0 |
|a Zo záľuby povolanie
|c Viera Sokolová
|
| 300 |
|
|
|b Fotogr.
|
| 610 |
|
7 |
|a Súkromná stredná priemyselná škola odevná (Zvolen, Slovensko)
|2 snkbucl
|9 889604
|
| 655 |
|
7 |
|a články z novín a časopisov
|2 snkbucl
|9 267496
|
| 773 |
0 |
|
|t Učiteľské noviny
|g Roč. 49, č. 20 (1999), s. 7
|
| 850 |
|
|
|a Slovenská národná knižnica v Martine
|
| 852 |
|
|
|a SNK
|b KIS3GCP
|
| 957 |
|
|
|a 611
|
| 958 |
|
|
|a SK
|
| 992 |
|
|
|a RBX
|
| 999 |
|
|
|c 1410721
|d 1412651
|